NHL 2010's Top Point Scorers - Statistics

General Stats
  • This quiz has been taken 175 times
  • The average score is 13 of 20
Answer Stats
Points Player % Correct
780 Alexander Ovechkin
99%
788 Sidney Crosby
99%
698 Evgeni Malkin
91%
802 Patrick Kane
90%
627 Jonathan Toews
83%
719 Steven Stamkos
79%
596 Joe Thornton
73%
682 Anze Kopitar
70%
617 Brad Marchand
69%
716 John Tavares
64%
648 Jamie Benn
61%
700 Niklas Backstrom
61%
737 Claude Giroux
55%
617 Tyler Seguin
52%
637 Ryan Getzlaf
49%
629 Joe Pavelski
47%
697 Phil Kessel
46%
621 Eric Staal
30%
666 Blake Wheeler
24%
608 Jakub Voracek
17%
No matching quizzes found
Score Distribution
Percent of People with Each Score
Percentile by Number Answered
Your Score History
You have not taken this quiz